00329nam a2200145Ia 4500008004100000041000800041082001200049100001500061245002600076250001000102260003200112300001000144650001000154999001900164230724s1994 xx 000 0 und d aeng a160/DAV aDave & Rao aIntroduction to Logic a1stEd anonebManan Prakashanc1994 a140p. aLOGIC c743780d743780